Ne(d)ocenený rizikový kapitál

Pravé investovanie finančných zdrojov Slovensko, atraktívna oblasť pre investorov rizikového kapitálu. Charakter financovania rizikovým kapitálom. Úloha štátnych agentúr pri investovaní. Fondy na Slovensku. Investičný proces. Priebeh procesu výberu investície. Prítomnosť kvalitného manažmentu.

Guardado en:
Detalles Bibliográficos
Autor principal: Kubeková, Viera
Formato: Capítulo de libro
Lenguaje:eslovaco
Materias:
Etiquetas: Agregar Etiqueta
Sin Etiquetas, Sea el primero en etiquetar este registro!

MARC

LEADER 00000naa$a2200000$$$4500
001 0057165
005 20231019084812.9
041 0 |a slo 
044 |a SK 
245 1 0 |a Ne(d)ocenený rizikový kapitál  |c Viera Kubeková 
520 |a Pravé investovanie finančných zdrojov Slovensko, atraktívna oblasť pre investorov rizikového kapitálu. Charakter financovania rizikovým kapitálom. Úloha štátnych agentúr pri investovaní. Fondy na Slovensku. Investičný proces. Priebeh procesu výberu investície. Prítomnosť kvalitného manažmentu. 
610 2 0 |a kapitál rizikový 
610 2 0 |a riziko 
610 2 0 |a kapitál 
610 2 0 |a investovanie 
610 2 0 |a inovácia 
100 1 |a Kubeková, Viera